[Event "Team senior chess final 2016"]
[Site "Sochi"]
[Date "2016.05.05"]
[Round "5.4"]
[White "Sveshnikov, Evgeny"]
[Black "Rashkovsky, Nukhim N"]
[Result "1/2-1/2"]
[WhiteElo "2504"]
[BlackElo "2515"]
[PlyCount "79"]
[EventDate "2016.05.01"]

1. d4 d5 2. c4 c6 3. cxd5 cxd5 4. Nf3 Nf6 5. Nc3 Nc6 6. Bf4 Bf5 7. e3 e6 8. Bd3
Bxd3 9. Qxd3 Bd6 10. Bxd6 Qxd6 11. O-O O-O 12. Rfc1 Rfc8 13. a3 Ne7 14. Ne2
Rxc1+ 15. Rxc1 Rc8 16. Rxc8+ Nxc8 17. Nc3 a6 18. Ne5 Nd7 19. Nxd7 Qxd7 20. Nb1
Qc6 21. Qc3 Ne7 22. Qxc6 Nxc6 23. b4 Kf8 24. Nc3 Ke7 25. Kf1 b5 26. Ke2 f5 27.
f4 h6 28. h4 h5 29. g3 g6 30. Kd3 Kd6 31. Kc2 Kc7 32. Kb3 Kb6 33. a4 Nb8 34.
axb5 axb5 35. Nd1 Nc6 36. Nc3 Nb8 37. Nd1 Nc6 38. Nc3 Nb8 39. Nd1 Nc6 40. Nc3
1/2-1/2

[Event "Team senior chess final 2016"]
[Site "Sochi"]
[Date "2016.05.05"]
[Round "5.4"]
[White "Pushkov, Nikolai"]
[Black "Fradkin, Boris"]
[Result "1/2-1/2"]
[WhiteElo "2306"]
[BlackElo "2387"]
[PlyCount "30"]
[EventDate "2016.05.01"]

1. Nf3 c5 2. c4 g6 3. Nc3 Bg7 4. e3 Nc6 5. d4 cxd4 6. exd4 d6 7. Be2 Nf6 8. O-O
d5 9. h3 O-O 10. Re1 dxc4 11. Bxc4 Na5 12. Bd3 Nc6 13. Bc4 Na5 14. Bd3 Nc6 15.
Bc4 Na5 1/2-1/2

[Event "Team senior chess final 2016"]
[Site "Sochi"]
[Date "2016.05.05"]
[Round "5.4"]
[White "Kaliberda, Vladimir"]
[Black "Polyakov, Yury"]
[Result "1/2-1/2"]
[WhiteElo "2268"]
[BlackElo "2264"]
[PlyCount "64"]
[EventDate "2016.05.01"]

1. d4 d5 2. Nf3 Nf6 3. c4 c6 4. cxd5 cxd5 5. Nc3 Nc6 6. Bf4 a6 7. e3 Bf5 8. a3
e6 9. Bd3 Bxd3 10. Qxd3 Be7 11. O-O O-O 12. Ne5 Nxe5 13. Bxe5 Qd7 14. Rfc1 Rfc8
15. Ne2 Ne4 16. f3 Nd6 17. Bxd6 Bxd6 18. Rxc8+ Rxc8 19. f4 Qa4 20. Rc1 Rxc1+
21. Nxc1 g6 22. Qb3 Qc6 23. Nd3 Kg7 24. Kf2 Qc7 25. Ke2 Kf8 26. h4 h5 27. g3
Ke7 28. Kd2 Kd7 29. Ke2 Ke7 30. Kd2 Kd7 31. Ke2 Ke7 32. Kd2 Kd7 1/2-1/2

[Event "Team senior chess final 2016"]
[Site "Sochi"]
[Date "2016.05.07"]
[Round "6.1"]
[White "Sidorov, Anatoly"]
[Black "Sveshnikov, Evgeny"]
[Result "1/2-1/2"]
[WhiteElo "2292"]
[BlackElo "2504"]
[PlyCount "156"]
[EventDate "2016.05.01"]

1. c4 e6 2. Nf3 d5 3. e3 Nf6 4. b3 Bd6 5. Bb2 O-O 6. Be2 c6 7. O-O Nbd7 8. d4
Ne4 9. Nbd2 f5 10. Qc2 Qe7 11. Ne5 Ndf6 12. f3 Nxd2 13. Qxd2 Bd7 14. Bd3 Rfd8
15. c5 Bc7 16. b4 Be8 17. Bc3 Bxe5 18. dxe5 Ne4 19. Qe1 Nxc3 20. Qxc3 a5 21. a3
Qc7 22. f4 b6 23. Rfb1 Rdb8 24. Kf2 Qe7 25. g3 axb4 26. axb4 Qb7 27. Rxa8 Rxa8
28. Ra1 Rxa1 29. Qxa1 bxc5 30. bxc5 h6 31. Be2 g5 32. Qa5 Qe7 33. Qb6 Kf8 34.
Bf3 g4 35. Bd1 h5 36. Ba4 Qd7 37. Qb8 Kf7 38. Ke2 Qe7 39. Qb6 Qd7 40. Kd3 Qc8
41. Qa7+ Bd7 42. Kc3 Ke8 43. Kb4 Kf8 44. Bc2 Qd8 45. Qb7 d4 46. e4 d3 47. Bxd3
Bc8 48. Qxc6 Qd4+ 49. Ka5 Qd8+ 50. Kb4 Qd4+ 51. Bc4 Qd2+ 52. Kb3 Qd1+ 53. Kc3
Qc1+ 54. Kd3 fxe4+ 55. Qxe4 Qa3+ 56. Ke2 Qxc5 57. Qd3 Kg7 58. Bb5 Qg1 59. Qd8
Qxh2+ 60. Kd1 Qg1+ 61. Kd2 Qg2+ 62. Be2 Qb7 63. Bd3 Qb2+ 64. Bc2 Qb4+ 65. Kd1
Qc5 66. Bd3 Qg1+ 67. Kc2 Qc5+ 68. Kd2 Qf2+ 69. Kc3 Qc5+ 70. Kb3 Qd5+ 71. Qxd5
exd5 72. Kc3 h4 73. gxh4 g3 74. Bf1 Bf5 75. h5 Kh6 76. Kd4 Kxh5 77. Kxd5 Kg4
78. e6 Bxe6+ 1/2-1/2

[Event "Team senior chess final 2016"]
[Site "Sochi"]
[Date "2016.05.07"]
[Round "6.1"]
[White "Kalegin, Evgenij"]
[Black "Iliushkin, Evgeny"]
[Result "1-0"]
[WhiteElo "2431"]
[BlackElo "2223"]
[PlyCount "99"]
[EventDate "2016.05.01"]

1. e4 c5 2. Nf3 e6 3. g3 Nc6 4. Bg2 d5 5. exd5 Qxd5 6. O-O Nf6 7. b3 Be7 8. Bb2
Qd8 9. d4 O-O 10. c4 cxd4 11. Nxd4 Bd7 12. Nf3 Qc7 13. Qe2 Rfd8 14. Nbd2 Be8
15. a3 Nd7 16. Ne4 Nc5 17. Nxc5 Bxc5 18. b4 Bd4 19. Rfe1 Bxb2 20. Qxb2 Rd3 21.
Ne5 Nxe5 22. Qxe5 Qd7 23. Be4 f6 24. Qb2 Rd6 25. c5 Rd2 26. Qb3 Bf7 27. Qf3 Rb8
28. Rad1 Rd8 29. Rxd2 Qxd2 30. Qe2 Qxe2 31. Rxe2 Rd7 32. f4 h6 33. b5 Kf8 34.
a4 Rd1+ 35. Kf2 Bh5 36. Rc2 Rd7 37. a5 Bd1 38. Rc1 Ba4 39. b6 axb6 40. cxb6 f5
41. a6 fxe4 42. Rc8+ Ke7 43. a7 Rd2+ 44. Ke3 Rd3+ 45. Kxe4 Ra3 46. a8=Q Bc6+
47. Ke5 Rxa8 48. Rxa8 g5 49. fxg5 hxg5 50. Rg8 1-0

[Event "Team senior chess final 2016"]
[Site "Sochi"]
[Date "2016.05.07"]
[Round "6.1"]
[White "Ostashevsky, Gennady"]
[Black "Zhelnin, Vladimir V"]
[Result "0-1"]
[WhiteElo "2125"]
[BlackElo "2464"]
[PlyCount "76"]
[EventDate "2016.05.01"]

1. Nf3 Nf6 2. b3 g6 3. Bb2 Bg7 4. g3 O-O 5. Bg2 d6 6. d4 e5 7. dxe5 Nfd7 8. O-O
Nc6 9. Qd2 Re8 10. c4 dxe5 11. e4 Nc5 12. Qxd8 Rxd8 13. Nc3 Bg4 14. Nd5 Nxe4
15. Rfe1 Bxf3 16. Bxf3 Ng5 17. Bg2 Ne6 18. f4 Ncd4 19. Bxd4 Nxd4 20. Nxc7 Rab8
21. fxe5 Nc2 22. Rac1 Nxe1 23. Rxe1 Rd2 24. Bd5 Rxa2 25. e6 fxe6 26. Rxe6 Kh8
27. Ne8 Bd4+ 28. Kh1 Bc5 29. Nf6 Rf8 30. g4 Bd4 31. g5 Ra1+ 32. Kg2 Rg1+ 33.
Kh3 Rxg5 34. Ng4 h5 35. Ne3 b6 36. b4 Re5 37. Nc2 Rxe6 38. Bxe6 Rf3+ 0-1

[Event "Team senior chess final 2016"]
[Site "Sochi"]
[Date "2016.05.07"]
[Round "6.1"]
[White "Pushkov, Nikolai"]
[Black "Loginov, Alexander"]
[Result "1-0"]
[WhiteElo "2306"]
[BlackElo "2123"]
[PlyCount "75"]
[EventDate "2016.05.01"]

1. c4 e6 2. Nf3 f5 3. g3 Nf6 4. Bg2 d5 5. b3 Bd6 6. O-O Qe7 7. d3 O-O 8. Nc3 c6
9. Bg5 Nbd7 10. e4 h6 11. Bd2 dxe4 12. dxe4 Ne5 13. Qe2 Nxf3+ 14. Bxf3 e5 15.
exf5 Bxf5 16. Ne4 Nxe4 17. Bxe4 Qe6 18. Bxf5 Rxf5 19. Be3 e4 20. Rac1 c5 21.
Rfd1 h5 22. Rd5 Raf8 23. Rcd1 Be7 24. Rxf5 Rxf5 25. Qd2 Bf8 26. Qd7 Qg6 27.
Qxb7 Qg4 28. Qd7 Qf3 29. h4 Rf7 30. Qd5 Be7 31. Re1 Bxh4 32. gxh4 Qg4+ 33. Kf1
Qh3+ 34. Ke2 Qg4+ 35. Kd2 Qxh4 36. Rg1 Qf6 37. Kc2 Qf3 38. Qd1 1-0

[Event "Team senior chess final 2016"]
[Site "Sochi"]
[Date "2016.05.07"]
[Round "6.2"]
[White "Sabaev, Evgueni"]
[Black "Vasiukov, Evgeni"]
[Result "0-1"]
[WhiteElo "2129"]
[BlackElo "2408"]
[PlyCount "58"]
[EventDate "2016.05.01"]

1. d4 Nf6 2. Nc3 d5 3. Bg5 Nbd7 4. Nf3 c6 5. e3 Qb6 6. Rb1 g6 7. Bd3 Bg7 8. O-O
O-O 9. h3 Re8 10. Bf4 a5 11. a3 a4 12. Ne2 Nf8 13. Ng3 N6d7 14. Ne2 f6 15. e4
e5 16. Bg3 exd4 17. Nfxd4 c5 18. Nb5 d4 19. Bf4 Ne5 20. c4 Bd7 21. b4 axb3 22.
Rxb3 Qc6 23. f3 Be6 24. Qc2 Nfd7 25. Rfb1 Ra4 26. Nexd4 cxd4 27. Nxd4 Qc5 28.
Be3 Bxc4 29. Rc3 Bxd3 0-1

[Event "Team senior chess final 2016"]
[Site "Sochi"]
[Date "2016.05.07"]
[Round "6.2"]
[White "Kamiljanov, Timerbay"]
[Black "Dragomarezkij, Evgeni"]
[Result "0-1"]
[WhiteElo "2139"]
[BlackElo "2351"]
[PlyCount "72"]
[EventDate "2016.05.01"]

1. d4 Nf6 2. c4 e6 3. Nf3 b6 4. g3 Ba6 5. b3 Bb4+ 6. Bd2 Be7 7. Bg2 Bb7 8. O-O
d5 9. Ne5 O-O 10. Nc3 Na6 11. Bg5 Ne4 12. Bxe7 Qxe7 13. Rc1 c5 14. cxd5 exd5
15. e3 Rfd8 16. Re1 Nc7 17. Re2 Ne6 18. Rec2 Rac8 19. Nf3 h6 20. Bh3 Ba6 21.
Bg2 Qf6 22. dxc5 Nxc3 23. Rxc3 bxc5 24. a3 d4 25. exd4 Nxd4 26. Nxd4 cxd4 27.
Rxc8 Bxc8 28. Qd2 d3 29. b4 Bg4 30. a4 Qg5 31. f4 Qf6 32. h3 Qd4+ 33. Kh2 Bf5
34. g4 Re8 35. Bf1 Re3 36. gxf5 Qxf4+ 0-1

[Event "Team senior chess final 2016"]
[Site "Sochi"]
[Date "2016.05.07"]
[Round "6.3"]
[White "Faibisovich, Vadim Z"]
[Black "Pozin, Sergey"]
[Result "1/2-1/2"]
[WhiteElo "2352"]
[BlackElo "2332"]
[PlyCount "116"]
[EventDate "2016.05.01"]

1. d4 Nf6 2. Nf3 e6 3. g3 b6 4. Bg2 Bb7 5. O-O Be7 6. c4 O-O 7. Nc3 Ne4 8. Bd2
f5 9. Ne1 Bf6 10. Nxe4 fxe4 11. Bc3 d5 12. Bh3 Re8 13. cxd5 exd5 14. Nc2 Kh8
15. f4 c5 16. e3 Nc6 17. Qd2 Ba6 18. Rfe1 Bd3 19. Rad1 a5 20. Bf1 c4 21. a4 Qd7
22. Ra1 Be7 23. Bg2 Reb8 24. Na3 Na7 25. Nc2 Nc8 26. Rec1 b5 27. axb5 a4 28.
Na3 Nd6 29. Ra2 Nxb5 30. Nxb5 Qxb5 31. Rca1 Ra6 32. Bh3 Rba8 33. Bg4 g6 34. Bd1
Kg7 35. Kg2 a3 36. bxa3 Bxa3 37. Qe1 Be7 38. Rxa6 Rxa6 39. Rxa6 Qxa6 40. Qd2
Qa3 41. h4 Bb1 42. Kh3 Ba2 43. Kg2 Bb3 44. Bg4 Kf6 45. h5 Ba4 46. hxg6 hxg6 47.
Bc8 Qb3 48. g4 Qb1 49. g5+ Kf7 50. Bg4 Qd3 51. Be2 Qb1 52. Bg4 Ba3 53. f5 Qc2
54. fxg6+ Kxg6 55. Qxc2 Bxc2 56. Be6 Be7 57. Bxd5 Bxg5 58. Bxc4 Bxe3 1/2-1/2

[Event "Team senior chess final 2016"]
[Site "Sochi"]
[Date "2016.05.07"]
[Round "6.3"]
[White "Sosnin, Anatoly"]
[Black "Mishuchkov, Nikolai M"]
[Result "0-1"]
[WhiteElo "2188"]
[BlackElo "2301"]
[PlyCount "84"]
[EventDate "2016.05.01"]

1. c4 e6 2. Nc3 c5 3. Nf3 Nf6 4. e3 d5 5. d4 a6 6. dxc5 Bxc5 7. cxd5 exd5 8.
Be2 Nc6 9. O-O O-O 10. a3 Bg4 11. b4 Bd6 12. Bb2 Rc8 13. h3 Be6 14. Rc1 b5 15.
Bd3 Ne5 16. Nxe5 Bxe5 17. f4 Bb8 18. Bb1 Ba7 19. Rf3 d4 20. exd4 Qxd4+ 21. Kh1
Qxd1+ 22. Rxd1 Rfd8 23. Rxd8+ Rxd8 24. Rd3 Rxd3 25. Bxd3 Bd4 26. g3 Bxh3 27. a4
Bd7 28. Kg2 Bc6+ 29. Kh3 h6 30. g4 Bd7 31. f5 Be5 32. Kh4 Kf8 33. g5 hxg5+ 34.
Kxg5 Ke7 35. axb5 axb5 36. Ba1 Bc6 37. Bb2 Kd7 38. Kh4 Nd5 39. Nxd5 Bxb2 40.
Ne3 Kd6 41. Nc2 Ke5 42. Kg5 Be4 0-1

[Event "Team senior chess final 2016"]
[Site "Sochi"]
[Date "2016.05.07"]
[Round "6.3"]
[White "Blechzin, Igor"]
[Black "Deryagin, Aleksandr"]
[Result "1-0"]
[WhiteElo "2350"]
[BlackElo "1720"]
[PlyCount "45"]
[EventDate "2016.05.01"]

1. c4 e5 2. Nc3 Nf6 3. Nf3 d6 4. d4 exd4 5. Nxd4 Be7 6. e4 c6 7. Be2 O-O 8. Be3
b6 9. g4 Re8 10. g5 Nfd7 11. h4 Ne5 12. f4 Ng6 13. h5 Nf8 14. Qd2 Ne6 15. Nf5
Bf8 16. O-O-O d5 17. cxd5 cxd5 18. Nxd5 Bb7 19. h6 Nc6 20. hxg7 Bxg7 21. Nxg7
Kxg7 22. Qc3+ Ncd4 23. Bxd4+ 1-0

[Event "Team senior chess final 2016"]
[Site "Sochi"]
[Date "2016.05.07"]
[Round "6.3"]
[White "Okunev, Nikolai"]
[Black "Monin, Nikolay"]
[Result "0-1"]
[WhiteElo "1962"]
[BlackElo "2224"]
[PlyCount "106"]
[EventDate "2016.05.01"]

1. e4 e6 2. d4 d5 3. exd5 exd5 4. Bd3 Nc6 5. Ne2 Bd6 6. Nbc3 Nge7 7. Nb5 Bb4+
8. c3 Ba5 9. a4 a6 10. Na3 Bf5 11. b4 Bb6 12. a5 Ba7 13. Nc2 O-O 14. Bf4 Qd7
15. Ne3 Bxd3 16. Qxd3 Nd8 17. g4 Ne6 18. h4 c6 19. Bg3 Bb8 20. f4 f5 21. gxf5
Nc7 22. Ng4 Nxf5 23. Ne5 Qe6 24. Bf2 Nb5 25. Kd2 Nbd6 26. Kc2 Ne4 27. Rh2 Bc7
28. h5 Rae8 29. Rg1 c5 30. bxc5 Bxa5 31. Be1 Bc7 32. Rhg2 Re7 33. Nf3 b6 34.
cxb6 Qxb6 35. Bd2 Rb8 36. Kd1 Qb3+ 37. Qc2 Nxd2 38. Kxd2 Qxc2+ 39. Kxc2 Ne3+
40. Kd3 Nxg2 41. Rxg2 Rb2 42. Ne5 Bxe5 43. dxe5 a5 44. Rg1 a4 45. Nd4 a3 46.
Nc6 Reb7 47. Nb4 a2 48. Ra1 Ra7 49. Kd4 Ra5 50. e6 Rb1 51. Rxa2 Rxb4+ 52. cxb4
Rxa2 53. Kxd5 Rb2 0-1

[Event "Team senior chess final 2016"]
[Site "Sochi"]
[Date "2016.05.08"]
[Round "7.1"]
[White "Pozin, Sergey"]
[Black "Gubernatorov, Sergey"]
[Result "0-1"]
[WhiteElo "2332"]
[BlackElo "2289"]
[PlyCount "68"]
[EventDate "2016.05.01"]

1. d4 Nf6 2. Nf3 g6 3. c4 Bg7 4. Nc3 d5 5. g3 O-O 6. Bg2 dxc4 7. O-O c6 8. a4
a5 9. e4 Bg4 10. Qe2 Bxf3 11. Bxf3 Qxd4 12. Rd1 Qb6 13. e5 Nfd7 14. e6 Ne5 15.
Bg2 Nd3 16. Be4 Nxc1 17. Raxc1 fxe6 18. h4 Bd4 19. Qxc4 Bxf2+ 20. Kg2 Rf6 21.
Bf3 Rxf3 22. Kxf3 Qe3+ 23. Kg2 Qxg3+ 24. Kf1 Bb6 25. Qxe6+ Kh8 26. Ne4 Qg1+ 27.
Ke2 Qe3+ 28. Kf1 Nd7 29. Kg2 Qe2+ 30. Kh1 Qf3+ 31. Kh2 Bc7+ 32. Kg1 Ne5 33. Ng5
Bb6+ 34. Kh2 Ng4+ 0-1

[Event "Team senior chess final 2016"]
[Site "Sochi"]
[Date "2016.05.08"]
[Round "7.1"]
[White "Mednikov, Gennadiy"]
[Black "Sosnin, Anatoly"]
[Result "0-1"]
[WhiteElo "2118"]
[BlackElo "2188"]
[PlyCount "116"]
[EventDate "2016.05.01"]

1. d4 d5 2. Bf4 Nf6 3. e3 c5 4. Nf3 Nc6 5. Nc3 Bg4 6. Be2 e6 7. O-O Be7 8. h3
Bh5 9. Ne5 Bxe2 10. Qxe2 O-O 11. Rfd1 cxd4 12. exd4 Qb6 13. Qe3 Nxe5 14. Bxe5
Qxb2 15. Rab1 Qxc2 16. Rxb7 Bd8 17. Rc1 Qg6 18. Na4 Qe4 19. Qd2 Qf5 20. f3 h5
21. Rc6 h4 22. Nc5 Nh5 23. a4 Bg5 24. Qf2 Rac8 25. Bc7 Ng3 26. Qe1 Qc2 27. Bxg3
Rxc6 28. Bxh4 Bd2 29. Qe2 Qc1+ 30. Kh2 Be3 31. Bf2 Bxf2 32. Qxf2 a5 33. Qg3
Rxc5 34. dxc5 Qxc5 35. Rb5 Qc3 36. Qd6 d4 37. Rb7 Qc8 38. Rd7 e5 39. Re7 Qd8
40. Qxd8 Rxd8 41. Rxe5 f6 42. Re2 Kf7 43. Kg3 Rb8 44. Kf4 Rb4 45. Ra2 Ke6 46.
Ke4 f5+ 47. Kd3 Kd5 48. g3 Rb3+ 49. Ke2 Re3+ 50. Kf2 Re7 51. Rb2 d3 52. Rb8
Re2+ 53. Kf1 Kd4 54. f4 Ke3 55. Rb3 Ra2 56. g4 Rxa4 57. gxf5 Ra1+ 58. Kg2 a4
0-1

[Event "Team senior chess final 2016"]
[Site "Sochi"]
[Date "2016.05.08"]
[Round "7.1"]
[White "Deryagin, Aleksandr"]
[Black "Maiorov, Viktor"]
[Result "0-1"]
[WhiteElo "1720"]
[BlackElo "2047"]
[PlyCount "84"]
[EventDate "2016.05.01"]

1. e4 c5 2. Nf3 d6 3. g3 Nc6 4. Bg2 g6 5. O-O Bg7 6. c3 e5 7. d3 Nge7 8. Na3
O-O 9. Nc2 f5 10. Bg5 h6 11. Bxe7 Nxe7 12. Ne3 f4 13. Nd5 Nxd5 14. exd5 g5 15.
Nd2 g4 16. f3 h5 17. Qe1 Bf5 18. Ne4 Bh6 19. a3 Qe7 20. b4 b6 21. fxg4 hxg4 22.
Qd2 Rad8 23. gxf4 exf4 24. Rae1 Qg7 25. Qf2 f3 26. Qh4 Bf4 27. Rf2 Qh6 28. Qxh6
Bxh6 29. Bf1 Kh8 30. Ng3 Bc8 31. bxc5 bxc5 32. Re7 Rd7 33. Rxd7 Bxd7 34. Rb2
Be3+ 35. Kh1 a5 36. Rb7 Rf7 37. Nf5 Bf4 38. h4 g3 39. Bh3 g2+ 40. Kg1 Rxf5 41.
Rxd7 Be3+ 42. Kh2 g1=Q# 0-1

[Event "Team senior chess final 2016"]
[Site "Sochi"]
[Date "2016.05.08"]
[Round "7.2"]
[White "Vasiukov, Evgeni"]
[Black "Faibisovich, Vadim Z"]
[Result "1/2-1/2"]
[WhiteElo "2408"]
[BlackElo "2352"]
[PlyCount "54"]
[EventDate "2016.05.01"]

1. e4 c5 2. Nf3 e6 3. Nc3 Nc6 4. g3 d6 5. Bg2 Nf6 6. O-O Be7 7. d4 cxd4 8. Nxd4
Bd7 9. Nb3 O-O 10. Be3 Ne5 11. Qe2 Qc7 12. a4 Nc4 13. Bc1 a6 14. g4 h6 15. a5
e5 16. h3 Be6 17. f4 exf4 18. Rxf4 Nd7 19. Nd5 Bxd5 20. exd5 Nde5 21. Rf5 Rfe8
22. c3 Bf8 23. Rf1 Ng6 24. Qf2 Nge5 25. Qe2 Ng6 26. Qf2 Nge5 27. Qe2 Ng6
1/2-1/2

[Event "Team senior chess final 2016"]
[Site "Sochi"]
[Date "2016.05.08"]
[Round "7.2"]
[White "Mishuchkov, Nikolai M"]
[Black "Shvedchikov, Anatoli I"]
[Result "1/2-1/2"]
[WhiteElo "2301"]
[BlackElo "2299"]
[PlyCount "68"]
[EventDate "2016.05.01"]

1. Nf3 d5 2. e3 Nf6 3. c4 c6 4. Nc3 e6 5. b3 Nbd7 6. Bb2 a6 7. d4 Bd6 8. Qc2 b5
9. Be2 Bb7 10. O-O O-O 11. a3 bxc4 12. bxc4 c5 13. cxd5 exd5 14. dxc5 Nxc5 15.
Na4 Ne6 16. Rab1 Rb8 17. Nd4 Qc7 18. Qxc7 Bxc7 19. g3 g6 20. Nxe6 fxe6 21. Nc5
Bc8 22. Nxa6 Bxa6 23. Bxa6 Bd6 24. Bd4 Rxb1 25. Rxb1 Bxa3 26. Rb7 Rf7 27. Rxf7
Kxf7 28. Be5 Bc5 29. Bc3 Bd6 30. Bd4 Ba3 31. Be5 Bb4 32. Bd4 Bd6 33. Bc3 Ba3
34. Be5 Bb4 1/2-1/2

[Event "Team senior chess final 2016"]
[Site "Sochi"]
[Date "2016.05.08"]
[Round "7.2"]
[White "Dragomarezkij, Evgeni"]
[Black "Karasev, Vladimir I"]
[Result "1/2-1/2"]
[WhiteElo "2351"]
[BlackElo "2354"]
[PlyCount "39"]
[EventDate "2016.05.01"]

1. c4 e5 2. g3 Nf6 3. Bg2 d5 4. cxd5 Nxd5 5. Nc3 Nxc3 6. bxc3 Bd6 7. Nf3 Nc6 8.
d3 O-O 9. O-O Qe7 10. Rb1 Rb8 11. Ng5 Bd7 12. Ne4 Ba3 13. Bxa3 Qxa3 14. Qb3 Qe7
15. e3 Be6 16. Qa4 Bd7 17. Qb3 Be6 18. Qa4 Bd7 19. Qb3 Be6 20. Qa4 1/2-1/2

[Event "Team senior chess final 2016"]
[Site "Sochi"]
[Date "2016.05.08"]
[Round "7.2"]
[White "Blechzin, Igor"]
[Black "Kremenietsky, Anatoly M"]
[Result "1/2-1/2"]
[WhiteElo "2350"]
[BlackElo "2320"]
[PlyCount "65"]
[EventDate "2016.05.01"]

1. c4 Nf6 2. Nf3 e6 3. g3 b6 4. Bg2 Bb7 5. O-O c5 6. Nc3 Be7 7. d4 Ne4 8. Qc2
Nxc3 9. bxc3 Nc6 10. d5 Na5 11. Nd2 O-O 12. Qd3 d6 13. Nb3 Nxb3 14. axb3 e5 15.
e4 Bf6 16. Be3 Bc8 17. Qd2 Bd7 18. Ra6 Bc8 19. Ra3 a6 20. Rfa1 Rb8 21. Rb1 Qc7
22. f4 a5 23. f5 Bd7 24. g4 h6 25. Qe1 Qd8 26. Bf2 Bg5 27. Bg3 Bf4 28. h4 Kh8
29. Ra2 Kg8 30. Ra3 Kh8 31. Ra2 Kg8 32. Ra3 Kh8 33. Ra2 1/2-1/2

[Event "Team senior chess final 2016"]
[Site "Sochi"]
[Date "2016.05.08"]
[Round "7.3"]
[White "Zhelnin, Vladimir V"]
[Black "Kamiljanov, Timerbay"]
[Result "1/2-1/2"]
[WhiteElo "2464"]
[BlackElo "2139"]
[PlyCount "124"]
[EventDate "2016.05.01"]

1. e4 c5 2. Nf3 d6 3. d4 cxd4 4. Nxd4 Nf6 5. Nc3 g6 6. Be2 Bg7 7. O-O O-O 8.
Bg5 Nc6 9. Nb3 a6 10. a4 Be6 11. Kh1 Rc8 12. f4 Na5 13. f5 Bc4 14. Bd3 Bxb3 15.
cxb3 Nc6 16. Qe2 Ne5 17. Bc2 Qa5 18. Rac1 Rfe8 19. Bd2 Qd8 20. Rcd1 Qc7 21. Bb1
Nc6 22. Be3 Qa5 23. Bg5 Qb4 24. Bxf6 Bxf6 25. Nd5 Qxb3 26. fxg6 hxg6 27. Rxf6
exf6 28. Nxf6+ Kg7 29. Nxe8+ Rxe8 30. Rxd6 Qxa4 31. h3 Re7 32. Qf1 Re6 33. Qd1
Qxd1+ 34. Rxd1 Nb4 35. Kg1 a5 36. Kf2 Kf6 37. Ke3 Ke7 38. Kf3 Kf6 39. Ke3 Ke7
40. g4 b6 41. h4 Rc6 42. Rh1 Kf8 43. Kf4 Rc4 44. Rd1 Rc6 45. e5 Rc4+ 46. Kg5
Nc6 47. h5 Nxe5 48. hxg6 fxg6 49. Rd5 Nxg4 50. Rb5 Ne3 51. Bxg6 Rc6 52. Be4 Rd6
53. Kf4 Nc4 54. Bd5 Nd2 55. Ke3 Nf1+ 56. Kf4 Ke7 57. Be4 Nd2 58. Bg2 Nc4 59. b3
Nd2 60. Re5+ Kd8 61. Bd5 Kd7 62. Ke3 Nb1 1/2-1/2

[Event "Team senior chess final 2016"]
[Site "Sochi"]
[Date "2016.05.08"]
[Round "7.3"]
[White "Sadykov, Mars"]
[Black "Pushkov, Nikolai"]
[Result "0-1"]
[WhiteElo "2043"]
[BlackElo "2306"]
[PlyCount "112"]
[EventDate "2016.05.01"]

1. Nf3 Nf6 2. c4 e6 3. Nc3 d5 4. e3 Bd6 5. b3 O-O 6. Bb2 c6 7. d4 Nbd7 8. Bd3
Qe7 9. O-O dxc4 10. bxc4 e5 11. Qc2 Re8 12. Bf5 exd4 13. exd4 Nf8 14. Rfe1 Bxf5
15. Qxf5 Qd7 16. Qxd7 N8xd7 17. Kf1 Bb4 18. Rxe8+ Rxe8 19. Rd1 Nb6 20. Nd2 Rd8
21. c5 Nbd7 22. a3 Ba5 23. Nde4 Bxc3 24. Nxc3 Nf8 25. Bc1 Ne6 26. Be3 Nd5 27.
Nxd5 Rxd5 28. Ke2 f5 29. f3 Rd7 30. g3 Kf7 31. Rb1 Kf6 32. Rb4 g5 33. Bf2 h5
34. h3 h4 35. gxh4 Nf4+ 36. Kf1 Nxh3 37. hxg5+ Nxg5 38. Bh4 Kg6 39. Bxg5 Kxg5
40. Kf2 a5 41. Ra4 f4 42. Rxa5 Rxd4 43. Ra7 Rd2+ 44. Ke1 Rb2 45. Ra8 Rc2 46.
Rg8+ Kf6 47. Rb8 Rb2 48. Rf8+ Ke5 49. Re8+ Kd5 50. Re4 Kxc5 51. Rxf4 b5 52. a4
b4 53. Rf5+ Kd4 54. a5 b3 55. Rf4+ Kd3 56. Rf6 Ra2 0-1

[Event "Team senior chess final 2016"]
[Site "Sochi"]
[Date "2016.05.08"]
[Round "7.4"]
[White "Rashkovsky, Nukhim N"]
[Black "Sidorov, Anatoly"]
[Result "1/2-1/2"]
[WhiteElo "2515"]
[BlackElo "2292"]
[PlyCount "66"]
[EventDate "2016.05.01"]

1. d4 Nf6 2. Nf3 e6 3. c4 b6 4. g3 Ba6 5. b3 b5 6. cxb5 Bxb5 7. Nc3 Bc6 8. Bg2
Qc8 9. O-O Qb7 10. Bb2 Be7 11. d5 Bxd5 12. Nxd5 exd5 13. Nh4 g6 14. Rc1 Rg8 15.
Be5 Na6 16. Nf3 Ne4 17. Nd2 f5 18. Nf3 c6 19. Bb2 Nac5 20. Rc2 Ne6 21. Ne5 a5
22. Qc1 Bg5 23. e3 Be7 24. f3 N4c5 25. Rd2 Rf8 26. Kh1 a4 27. bxa4 Rxa4 28. Ba1
Qa7 29. Qb1 Qc7 30. Qc1 Qa7 31. Qb1 Qc7 32. Qc1 Qa7 33. Qb1 Qc7 1/2-1/2

[Event "Team senior chess final 2016"]
[Site "Sochi"]
[Date "2016.05.08"]
[Round "7.4"]
[White "Iliushkin, Evgeny"]
[Black "Lisenko, Alexander V"]
[Result "1-0"]
[WhiteElo "2223"]
[BlackElo "2361"]
[PlyCount "83"]
[EventDate "2016.05.01"]

1. d4 Nf6 2. Nf3 e6 3. c4 Bb4+ 4. Bd2 Qe7 5. g3 Nc6 6. a3 Bxd2+ 7. Qxd2 a5 8.
Bg2 d6 9. Nc3 O-O 10. O-O Bd7 11. b3 Rfc8 12. e4 e5 13. dxe5 Nxe5 14. Nd4 a4
15. f4 Nc6 16. b4 Nxd4 17. Qxd4 c5 18. bxc5 Rxc5 19. Rfe1 Rac8 20. e5 Rxc4 21.
Nd5 Nxd5 22. Qxd5 dxe5 23. Rxe5 Rc1+ 24. Bf1 Be6 25. Rxc1 Rxc1 26. Qd2 Rc8 27.
Qe3 Qd7 28. h4 g6 29. h5 Rc2 30. Bg2 Qd1+ 31. Kh2 Qd2 32. Qf3 Rb2 33. Qe4 Qd7
34. g4 Qc6 35. Qxc6 bxc6 36. Kg3 Rb3+ 37. Kh4 Kg7 38. hxg6 hxg6 39. f5 Kf6 40.
fxe6 Kxe5 41. e7 Rb8 42. Bxc6 1-0

[Event "Team senior chess final 2016"]
[Site "Sochi"]
[Date "2016.05.08"]
[Round "7.4"]
[White "Fradkin, Boris"]
[Black "Ostashevsky, Gennady"]
[Result "1-0"]
[WhiteElo "2387"]
[BlackElo "2125"]
[PlyCount "93"]
[EventDate "2016.05.01"]

1. Nf3 Nf6 2. d4 d6 3. Bf4 Nbd7 4. Nc3 c6 5. e4 Qa5 6. Bd3 e5 7. Bd2 Qc7 8. O-O
Be7 9. h3 O-O 10. Be3 Re8 11. a4 a5 12. Bc4 Nf8 13. dxe5 dxe5 14. Ng5 Ne6 15.
Nxe6 Bxe6 16. Bxe6 fxe6 17. Qe2 Bb4 18. Na2 Bf8 19. Qc4 Qf7 20. Nc1 Qg6 21. f3
Bd6 22. Rd1 Bc7 23. Ra3 Qf7 24. Rb3 Rab8 25. Nd3 Nd7 26. Nf2 Rec8 27. Ba7 h5
28. Bxb8 Rxb8 29. Rbd3 Nf8 30. Qc5 Kh7 31. b4 axb4 32. Qxb4 Qe8 33. a5 Qf7 34.
c4 Qe8 35. c5 Qc8 36. h4 Ra8 37. Rb3 Ra7 38. a6 bxa6 39. Qa4 Qe8 40. Nd3 a5 41.
Nb2 Ng6 42. g3 Ne7 43. Nc4 Qg6 44. Kg2 Nf5 45. exf5 exf5 46. Nd6 f4 47. Qe4 1-0

[Event "Team senior chess final 2016"]
[Site "Sochi"]
[Date "2016.05.08"]
[Round "7.4"]
[White "Loginov, Alexander"]
[Black "Kaliberda, Vladimir"]
[Result "0-1"]
[WhiteElo "2123"]
[BlackElo "2268"]
[PlyCount "114"]
[EventDate "2016.05.01"]

1. e4 c5 2. Nf3 e6 3. d4 cxd4 4. Nxd4 a6 5. Nc3 Qc7 6. Be2 Nf6 7. O-O d6 8. f4
Be7 9. Kh1 Nc6 10. Bf3 Bd7 11. Nb3 O-O 12. a4 Nb4 13. a5 Bc6 14. Be3 d5 15. Bb6
Qb8 16. e5 Nd7 17. Bd4 b5 18. Ne2 Bb7 19. c3 Nc6 20. Qd3 Rc8 21. Rfc1 Qc7 22.
Qe3 Qd8 23. g4 Nxd4 24. cxd4 Rc4 25. Rxc4 bxc4 26. Nd2 Rb8 27. b3 cxb3 28. Nxb3
Bc6 29. Ng3 Bb5 30. Nf1 Bb4 31. Be2 Bxe2 32. Qxe2 Bc3 33. Ra3 Qe7 34. Nc5 Bxd4
35. Nxd7 Qxd7 36. Qxa6 g5 37. Rd3 Qa4 38. Qd6 Re8 39. Rf3 Qd1 40. Qa3 gxf4 41.
Rxf4 Bxe5 42. Rf3 Ra8 43. Qe3 Qa1 44. Kg2 Bg7 45. Ng3 Qa4 46. Qg5 h6 47. Qe7
Rf8 48. Nh5 Qxa5 49. h4 Qd2+ 50. Rf2 Qd4 51. Rf4 Qd2+ 52. Rf2 Qd1 53. Nf6+ Bxf6
54. Qxf6 Kh7 55. Kh2 Qd3 56. Qe7 Kg8 57. g5 Qd4 0-1